Los bancos multinacionales en América Latina y la crisis del sistema capitalista

Αποθηκεύτηκε σε:
Λεπτομέρειες βιβλιογραφικής εγγραφής
Κύριος συγγραφέας: Labarca, Guillermo
Μορφή: Κείμενο
Έκδοση: México D.F.: Nueva Imagen
Ετικέτες: Προσθήκη ετικέτας
Δεν υπάρχουν, Καταχωρήστε ετικέτα πρώτοι!

MARC

LEADER 00000 a a2200000 04500
001 24662
003
040
020 |a 968-429-155-8  
090 |a 173100  
100 |a Labarca, Guillermo  
245 |a Los bancos multinacionales en América Latina y la crisis del sistema capitalista  
260 |a México D.F.:   |b Nueva Imagen  
300 |a 201 p.   |b **no definido**  
999 |c 1578  |d 1578